| 000 | 00951nam a2200217 a 4500 | ||
|---|---|---|---|
| 001 | BRCA_1762 | ||
| 005 | 20190320203535.0 | ||
| 008 | 910114s1985 mx-a---##c---f000-0#spa-# | ||
| 040 |
_aDLC _cDLC |
||
| 050 | 4 |
_aN6559.A5 _b.R38 1985 |
|
| 245 | 1 | 0 |
_aRaúl Anguiano _buna vida entregada a la plástica _ctextos de homenaje Emmanuel Palacios, Raúl Anguiano, Xavier Moyssén. |
| 260 |
_aGuadalajara, México _bInstituto Cultural Cabañas _c1985 |
||
| 300 |
_aiii, 124 p. _bil. (algunas a color) _c28 cm. |
||
| 500 | _aCatálogo de la exposición de pinturas, dibujos, estampas, tapices, esculturas y cerámicas realizada en el Instituto Cultural Cabañas (Guadalajara, Jalisco, México), 15 octubre - 30 noviembre, 1985 | ||
| 500 | _aColección Sonia Corcuera de Mancera | ||
| 600 | 1 | 4 |
_aAnguiano, Raúl _d1915- _vExposiciones _95495 |
| 700 | 1 |
_aPalacios, Emmanuel _95496 |
|
| 700 | 1 |
_aMoyssén Echeverría, Xavier _9801 |
|
| 902 | _aDSC | ||
| 942 |
_2lcc _cB |
||
| 999 |
_c1545 _d1545 |
||